| 000 | 00367nam a2200109Ia 4500 | ||
|---|---|---|---|
| 008 | 171211s9999 xx 000 0 und d | ||
| 245 | _aDrawing Management With Autocad Sheet Set | ||
| 245 | _cEdwin Prakoso | ||
| 260 | _c2015 | ||
| 650 | _xDrawing | ||
| 856 | _uhttp://down.ebook777.com/003/Drawing%20Management%20with%20AutoCAD%20Sheet%20Set%20by%20Edwin%20Prakoso.pdf | ||
| 999 |
_c348037 _d348037 |
||